The 8th habit : from effectiveness to greatness (Record no. 12689)

000 -LEADER
fixed length control field 01484cam a22003614a 4500
001 - CONTROL NUMBER
control field 13720378
005 - DATE AND TIME OF LATEST TRANSACTION
control field 20170105102406.0
007 - PHYSICAL DESCRIPTION FIXED FIELD--GENERAL INFORMATION
fixed length control field vd cvaiz|
008 - FIXED-LENGTH DATA ELEMENTS--GENERAL INFORMATION
fixed length control field 040915s2004 nyua b 001 0 eng
010 ## - LIBRARY OF CONGRESS CONTROL NUMBER
LC control number 2004056371
020 ## - INTERNATIONAL STANDARD BOOK NUMBER
International Standard Book Number 9780684846651
020 ## - INTERNATIONAL STANDARD BOOK NUMBER
International Standard Book Number 0684846659
040 ## - CATALOGING SOURCE
Original cataloging agency DLC
Transcribing agency DLC
Modifying agency DLC
042 ## - AUTHENTICATION CODE
Authentication code pcc
050 00 - LIBRARY OF CONGRESS CALL NUMBER
Classification number BF637.S4
Item number C685 2004
082 00 - DEWEY DECIMAL CLASSIFICATION NUMBER
Classification number 158
Edition number 22
100 1# - MAIN ENTRY--PERSONAL NAME
Personal name Covey, Stephen R.
245 14 - TITLE STATEMENT
Title The 8th habit : from effectiveness to greatness
Remainder of title from effectiveness to greatness
Statement of responsibility, etc. Stephen R. Covey.
246 3# - VARYING FORM OF TITLE
Title proper/short title Eighth habit
246 1# - VARYING FORM OF TITLE
Display text Title on DVD:
Title proper/short title 16 inspirational companion films
260 ## - PUBLICATION, DISTRIBUTION, ETC.
Place of publication, distribution, etc. New York :
Name of publisher, distributor, etc. Free Press,
Date of publication, distribution, etc. c2004.
300 ## - PHYSICAL DESCRIPTION
Extent xvi, 409 p.:
Other physical details ill. ;
Dimensions 25 cm. +
Accompanying material 1 videodisc (DVD : sd., col. : 4 3/4 in.)
504 ## - BIBLIOGRAPHY, ETC. NOTE
Bibliography, etc. note Includes bibliographical references and index.
650 #0 - SUBJECT ADDED ENTRY--TOPICAL TERM
Topical term or geographic name entry element Self-actualization (Psychology)
650 #0 - SUBJECT ADDED ENTRY--TOPICAL TERM
Topical term or geographic name entry element Success.
650 #0 - SUBJECT ADDED ENTRY--TOPICAL TERM
Topical term or geographic name entry element Satisfaction.
650 #0 - SUBJECT ADDED ENTRY--TOPICAL TERM
Topical term or geographic name entry element Vocation.
856 42 - ELECTRONIC LOCATION AND ACCESS
Materials specified Publisher description
Uniform Resource Identifier <a href="http://www.loc.gov/catdir/description/simon051/2004056371.html">http://www.loc.gov/catdir/description/simon051/2004056371.html</a>
856 42 - ELECTRONIC LOCATION AND ACCESS
Materials specified Contributor biographical information
Uniform Resource Identifier <a href="http://www.loc.gov/catdir/enhancements/fy0645/2004056371-b.html">http://www.loc.gov/catdir/enhancements/fy0645/2004056371-b.html</a>
906 ## - LOCAL DATA ELEMENT F, LDF (RLIN)
a 7
b cbc
c orignew
d 1
e ocip
f 20
g y-gencatlg
942 ## - ADDED ENTRY ELEMENTS (KOHA)
Source of classification or shelving scheme
Koha item type Book
Holdings
Withdrawn status Lost status Damaged status Not for loan Collection code Permanent Location Current Location Shelving location Date acquired Source of acquisition Cost, normal purchase price Total Checkouts Total Renewals Full call number Barcode Date last seen Date last checked out Price effective from Koha item type Source of classification or shelving scheme Public note
          Central Library (CL) Central Library (CL) General Stacks 01/27/2014 Progressive International Agencies 805.50 6 3 158 COV SEECS013151 01/31/2023 01/06/2019 01/27/2014 Book    
  Write Off       Central Library (CL) Central Library (CL)   02/23/2021         158 COV NBS7339 02/23/2021   02/23/2021 Book   Write off File No.0908/IRC/NBS Dated Aug 16, 2018
          Central Library (CL) Central Library (CL) Psychology 02/17/2023 Donated by Ms Aiman Bilal NBS   7 1 158 COV CL-D-2253 02/15/2026 01/16/2026 02/17/2023 Book    
          Central Library (CL) Central Library (CL)   08/28/2025         158 COV CL-D-3029 09/23/2025   08/28/2025 Book    
© 2023 Central Library, National University of Sciences and Technology. All Rights Reserved.